00485nam a2200169Ia 450000500170000000800410001702000180005804100120007608200190008810000210010724500890012825000120021726000400022930000180026965000110028765000170029820260429112201.0260429s9999||||xx |||||||||||||| ||und|| a9789384370718 aEnglish a297.40954bKHA aKhan, Nasir Raza 0aRegional Sufi centres in India : bsignificance and contribution / cNasir Raza Khan a1st ed. aNew Delhi : bManakin Press,c2015. ax, 138 p.; hb a India aSufi centres